Neural networks and learning machines (Record no. 5037)
[ view plain ]
| 000 -LEADER | |
|---|---|
| fixed length control field | 00484nam a2200169Ia 4500 |
| 003 - CONTROL NUMBER IDENTIFIER | |
| control field | SGT |
| 020 ## - INTERNATIONAL STANDARD BOOK NUMBER | |
| International Standard Book Number | 9788120340008 |
| 082 ## - DEWEY DECIMAL CLASSIFICATION NUMBER | |
| Classification number | 6.32 |
| Item number | HAY |
| 100 ## - MAIN ENTRY--PERSONAL NAME | |
| Personal name | Haykin,Simon |
| 245 ## - TITLE STATEMENT | |
| Title | Neural networks and learning machines |
| 250 ## - EDITION STATEMENT | |
| Edition statement | 3rd Ed. |
| 260 ## - PUBLICATION, DISTRIBUTION, ETC. (IMPRINT) | |
| Name of publisher, distributor, etc | PHI Learning Private Limited |
| Place of publication, distribution, etc | New Delhi |
| Year of Publication | 2009 |
| 300 ## - PAGE DESCRIPTION | |
| No. of Pages | 906p. |
| 650 ## - SUBJECT ADDED ENTRY--TOPICAL TERM | |
| Topical term or geographic name as entry element | COMPUTER SCIENCE |
| 653 ## - KEYWORDS--INDEX TERM | |
| Keyword term | ROSENBLATTS PERCEPTION,MODEL BUILDING THROUGH REGRESSION, THE LEAST -MEAN-SQUARE ALGORITHM |
| 942 ## - ADDED ENTRY ELEMENTS (KOHA) | |
| Source of classification or shelving scheme | Dewey Decimal Classification |
| Koha item type | Books |
| 942 ## - ADDED ENTRY ELEMENTS (KOHA) | |
| -- | 5 |
| Withdrawn status | Lost status | Source of classification or shelving scheme | Damaged status | Not for loan | Home library | Current library | Date acquired | SGTU | Total Checkouts | Full call number | Accession No. (Barcode) | Date last seen | Date last borrowed | Bill Date | Koha item type | Total Renewals |
|---|---|---|---|---|---|---|---|---|---|---|---|---|---|---|---|---|
| Dewey Decimal Classification | SGT Engineering Library | SGT Engineering Library | 14/05/2010 | SGTU | 1 | 6.32 HAY | FE2338 | 26/12/2017 | 29/08/2017 | 09/02/2015 | Books | |||||
| Dewey Decimal Classification | SGT Engineering Library | SGT Engineering Library | 14/05/2010 | SGTU | 3 | 6.32 HAY | FE2339 | 11/01/2020 | 11/01/2020 | 09/02/2015 | Books | |||||
| Dewey Decimal Classification | SGT Engineering Library | SGT Engineering Library | 14/05/2010 | SGTU | 1 | 6.32 HAY | FE2340 | 11/12/2017 | 11/12/2017 | 09/02/2015 | Books | |||||
| Dewey Decimal Classification | SGT Engineering Library | SGT Engineering Library | 06/09/2012 | SGTU | 1 | 6.32 HAY | FE5552 | 27/12/2017 | 21/08/2017 | 09/02/2015 | Books | |||||
| Dewey Decimal Classification | SGT Engineering Library | SGT Engineering Library | 06/09/2012 | SGTU | 10 | 6.32 HAY | FE5553 | 11/05/2026 | 11/05/2026 | 09/02/2015 | Books | 1 | ||||
| Dewey Decimal Classification | SGT Engineering Library | SGT Engineering Library | 30/05/2013 | SGTU | 1 | 6.32 HAY | FE5698 | 28/12/2017 | 29/08/2017 | 09/02/2015 | Books | |||||
| Dewey Decimal Classification | SGT Engineering Library | SGT Engineering Library | 31/05/2013 | SGTU | 6.32 HAY | FE5865 | 09/02/2015 | 09/02/2015 | Books |